Mechanicko-chemická dekompozícia organických materiálov.

Na minha lista:
Detalhes bibliográficos
Autor principal: Juriga, Martin (Author)
Outros Autores: (Thesis advisor)
Formato: Manuscrito Livro
Idioma:eslovaco
Publicado em: 2021
Assuntos:
Acesso em linha:http://is.stuba.sk/zp/portal_zp.pl?podrobnosti_zp=84982
Tags: Adicionar Tag
Sem tags, seja o primeiro a adicionar uma tag!

MARC

LEADER 00000ntm a22000003a 4500
001 stuzp84982
003 SK-STU
005 20220226210248.0
007 ta
008 150427s2015----xo-----f-mn---000-0-slo-d
040 |a STU  |b slo 
041 0 |a slo 
100 1 |a Juriga, Martin  |u 020040  |k Z1  |4 aut  |U SjF Strojnícka fakulta  |T SjF Ústav procesného inžinierstva  |X 2297  |U J0040  |Y 807  |7 A000002297 
242 0 1 |a Mechanochemistry decomposition of organic materials  |y eng 
245 1 0 |a Mechanicko-chemická dekompozícia organických materiálov. 
260 |c 2021 
650 4 |a proces BLOWDEC  |2 slo 
650 4 |a vírivé lôžko  |2 slo 
650 4 |a mechanochémia  |2 slo 
650 4 |a odpadový olej  |2 slo 
650 4 |a odpadový olej s obsahom PCB  |2 slo 
650 4 |a ropný kal  |2 slo 
650 4 |a zmiešané odpadové plasty  |2 slo 
650 4 |a elektronický odpad  |2 slo 
650 4 |a BLOWDEC process  |2 eng 
650 4 |a whirling bed  |2 eng 
650 4 |a waste oil  |2 eng 
650 4 |a mixed waste plastics  |2 eng 
650 4 |a mechanochemistry  |2 eng 
650 4 |a organic waste  |2 eng 
650 4 |a waste with PCBs content  |2 eng 
650 4 |a oil sludge  |2 eng 
700 1 |a ,  |4 ths  |X null  |7 null 
856 4 |u http://is.stuba.sk/zp/portal_zp.pl?podrobnosti_zp=84982